[Event "Detroit (MI Women/4/1)"]
[Site "?"]
[Date "1996.??.??"]
[Round "?"]
[White "Stinson, Darlene"]
[Black "Raupp, Helene"]
[Result "1-0"]
[WhiteElo "1605"]
[BlackElo "1605"]
[PlyCount "65"]
[EventDate "1996.??.??"]

{4/(1)} 1. e4 e6 2. d4 d5 3. Nc3 Bb4 4. exd5 exd5 5. Qe2+ Ne7 6. Bd2 O-O 7.
O-O-O Nbc6 8. Nb5 a6 9. Bxb4 Nxb4 10. Nc3 Bf5 11. Rd2 Re8 12. Nf3 Qd6 13. a3
Nbc6 14. Qe1 b5 15. Bd3 b4 16. axb4 Bxd3 17. Rxd3 Nf5 18. Qd2 Qxb4 19. Nxd5 Qb7
20. Re1 Rxe1+ 21. Qxe1 Nfxd4 22. Ne7+ Nxe7 23. Qxe7 Nxf3 24. Rxf3 Rf8 25. Rd3
g6 26. Rf3 Qc8 27. h4 f5 28. h5 Re8 29. Qh4 Qe6 30. Re3 Qd7 31. Qc4+ Kf8 32.
Qb4+ Qd6 33. Qc3 1-0

[Event "Detroit (MI Women/2/3)"]
[Site "?"]
[Date "1996.??.??"]
[Round "?"]
[White "Stinson, Darlene"]
[Black "Raupp, Christine"]
[Result "1-0"]
[WhiteElo "1605"]
[BlackElo "1605"]
[PlyCount "103"]
[EventDate "1996.??.??"]

{2/(3)} 1. e4 e6 2. a3 d5 3. e5 c5 4. d4 Nc6 5. Bb5 Bd7 6. Be3 Nxe5 7. Bxd7+
Nxd7 8. dxc5 Bxc5 9. Bxc5 Nxc5 10. Nf3 Nf6 11. Ne5 O-O 12. O-O Qd6 13. Re1 Nce4
14. Qd4 Rac8 15. Nd2 Nxd2 16. Qxd2 Ne4 17. Rxe4 Qc7 18. Re2 Rfd8 19. Rc1 Rd6
20. Qe1 b5 21. h3 a5 22. Re3 b4 23. axb4 axb4 24. c3 b3 25. Rd1 Qb6 26. Qd2 f6
27. Ng4 e5 28. Kh1 Rc4 29. Nxe5 fxe5 30. Rxe5 Qc5 31. Rxd5 Rxd5 32. Qxd5+ Qxd5
33. Rxd5 Kf7 34. Kg1 Ke6 35. Rb5 Kd6 36. Rxb3 Kc5 37. Kf1 Kd5 38. Ke2 Ke4 39.
f3+ Kd5 40. Kd3 Kc5 41. Rb7 g6 42. Rc7+ Kd5 43. Rxc4 Ke5 44. b4 Kf5 45. b5 g5
46. b6 h5 47. b7 h4 48. b8=Q Kg6 49. Qe8+ Kf6 50. Rc6+ Kg7 51. Qe7+ Kg8 52.
Rc8# 1-0

[Event "Eastpointe (EDO/5/6)"]
[Site "?"]
[Date "1996.??.??"]
[Round "?"]
[White "Stewart, Charles"]
[Black "Williams, Ron"]
[Result "0-1"]
[WhiteElo "1605"]
[BlackElo "1905"]
[PlyCount "110"]
[EventDate "1996.??.??"]

{5/(6)} 1. e4 c5 2. Nf3 Nc6 3. d4 cxd4 4. Nxd4 e6 5. Nc3 a6 6. Be3 Nge7 7. Be2
Nxd4 8. Qxd4 Nc6 9. Qd2 b5 10. a3 Qc7 11. O-O Be7 12. Rad1 d6 13. Bf4 Ne5 14.
Bg3 Qb6 15. Kh1 O-O 16. f4 Nc4 17. Bxc4 bxc4 18. f5 Rd8 19. Qe1 Bb7 20. e5 dxe5
21. Bxe5 f6 22. Rxd8+ Rxd8 23. Bg3 e5 24. Qe2 Qc6 25. Rd1 Rd4 26. Rxd4 exd4 27.
Nb1 d3 28. cxd3 cxd3 29. Qe6+ Qxe6 30. fxe6 Bd5 31. Nd2 Bxe6 32. Kg1 Bc5+ 33.
Bf2 Bxf2+ 34. Kxf2 Bd5 35. g3 f5 36. Ke3 Be4 37. h3 Kf7 38. g4 g6 39. Nc4 Ke6
40. g5 Kd5 41. b3 Kc5 42. Ne5 d2 43. Kxd2 Kd4 44. Nc4 Bd5 45. Na5 f4 46. Ke2
f3+ 47. Kf2 Kc5 48. Nc4 Bxc4 49. bxc4 Kxc4 50. Kxf3 Kb3 51. Ke3 Kxa3 52. Kd3
Kb4 53. Kc2 Kc4 54. Kb2 Kd4 55. Kb3 Ke4 0-1

[Event "Eastpointe (EDO/2/13)"]
[Site "?"]
[Date "1996.??.??"]
[Round "?"]
[White "Stewart, Charles"]
[Black "Manion, Tom"]
[Result "0-1"]
[WhiteElo "1605"]
[BlackElo "1865"]
[PlyCount "78"]
[EventDate "1996.??.??"]

{2/(13)} 1. e4 e5 2. Nf3 Nf6 3. Nc3 Bb4 4. Nxe5 Qe7 5. Ng4 Nxe4 6. Nd5 Qc5 7.
Nxb4 Qxb4 8. c3 Qe7 9. Qe2 Nc6 10. d3 Nc5 11. Be3 Ne6 12. f4 f5 13. Ne5 Nxe5
14. fxe5 O-O 15. O-O-O f4 16. Bd2 b5 17. d4 Rb8 18. d5 Nc5 19. Kb1 a5 20. Qf3
Qxe5 21. Re1 Qf5+ 22. Ka1 Bb7 23. c4 b4 24. g3 c6 25. Bxf4 cxd5 26. Qd1 Rbc8
27. Bd6 Ne4 28. Bxf8 Nf2 29. Qd4 Rxf8 30. Re7 Qg5 31. Rxg7+ Qxg7 32. Qxg7+ Kxg7
33. Rg1 d4 34. a3 b3 35. Kb1 Re8 36. Kc1 Re1+ 37. Kd2 Rb1 38. g4 Rxb2+ 39. Ke1
Rc2 0-1

[Event "Eastpointe (EDO/4/12)"]
[Site "?"]
[Date "1996.??.??"]
[Round "?"]
[White "Stewart, Charles"]
[Black "Duncan, Robert"]
[Result "1-0"]
[WhiteElo "1605"]
[BlackElo "1605"]
[PlyCount "105"]
[EventDate "1996.??.??"]

{4/(12)} 1. e4 Nf6 2. Nc3 e5 3. Nf3 d6 4. d4 Bg4 5. Be2 Bxf3 6. Bxf3 Nbd7 7.
Bg5 Be7 8. Qd3 O-O 9. Nd5 c6 10. Nxe7+ Qxe7 11. Bg4 Nb6 12. O-O-O h6 13. Bxf6
Qxf6 14. f3 exd4 15. Qxd4 Qxd4 16. Rxd4 Rad8 17. Rhd1 d5 18. b3 g6 19. c4 c5
20. R4d3 d4 21. e5 Rfe8 22. f4 Nd7 23. Bf3 b6 24. Bd5 Nf8 25. Rh3 Kg7 26. Re1
f5 27. e6 Re7 28. g4 fxg4 29. Rg3 h5 30. h3 gxh3 31. Rh1 Kf6 32. f5 Kxf5 33.
Rf1+ Ke5 34. Rg5+ Kd6 35. Rh1 a5 36. Rxh3 Kc7 37. Rf3 Nxe6 38. Rxg6 Rd6 39.
Rff6 Kd7 40. Kc2 b5 41. Rh6 b4 42. Be4 Kc7 43. Bf5 Ng7 44. Rxd6 Nxf5 45. Rc6+
Kd7 46. Rhg6 h4 47. Rxc5 Re2+ 48. Kd1 Rf2 49. Rg5 Ke6 50. Rh5 Rf4 51. Rxa5 d3
52. Kd2 Rf3 53. Rd5 1-0

[Event "Kalamazoo (MI Am/1/5)"]
[Site "?"]
[Date "1996.??.??"]
[Round "?"]
[White "Stewart, Charles"]
[Black "Conlon, Russell"]
[Result "0-1"]
[WhiteElo "1605"]
[BlackElo "1905"]
[PlyCount "54"]
[EventDate "1996.??.??"]

{1/(5)} 1. d4 d6 2. Bf4 Nf6 3. Nf3 g6 4. e3 Bg7 5. Bd3 O-O 6. Nbd2 Nbd7 7. c3
c6 8. Qc2 Re8 9. O-O-O Qa5 10. Kb1 b5 11. Nb3 Qb6 12. Rdg1 e5 13. Bg5 e4 14.
Be2 exf3 15. gxf3 a5 16. Ka1 b4 17. c4 a4 18. c5 axb3 19. Qxb3 dxc5 20. Bc4 Rf8
21. Rd1 Ba6 22. h4 Bxc4 23. Qxc4 Qb5 24. Qc1 cxd4 25. Rxd4 Nd5 26. Rd2 Nc5 27.
h5 Nb3+ 0-1

[Event "Lansing (MI Op/2/28)"]
[Site "?"]
[Date "1996.??.??"]
[Round "?"]
[White "Steverson, Bunnard"]
[Black "Smith, Mike A"]
[Result "1/2-1/2"]
[WhiteElo "1855"]
[BlackElo "1950"]
[PlyCount "83"]
[EventDate "1996.??.??"]

{2/(28)} 1. d4 Nf6 2. Nf3 c5 3. e3 cxd4 4. exd4 d5 5. Bd3 Bg4 6. h3 Bxf3 7.
Qxf3 e6 8. c3 Nc6 9. O-O Bd6 10. Bg5 O-O 11. Nd2 Rc8 12. Rfe1 a6 13. Nf1 h6 14.
Bh4 b5 15. Ne3 Na5 16. Ng4 Be7 17. Ne5 Nc4 18. Bxf6 Bxf6 19. Bxc4 bxc4 20. Qe3
Bxe5 21. Qxe5 Qc7 22. Qe3 Rb8 23. Reb1 Rfc8 24. f4 Rb6 25. Qd2 Rcb8 26. a4 Rb3
27. Kf2 Qb6 28. Ra2 Qa5 29. Qc2 Qd8 30. g3 Qf6 31. Kg2 Qf5 32. Rc1 Qd3 33. Kf2
h5 34. a5 h4 35. gxh4 Qxh3 36. Rg1 Qh2+ 37. Rg2 Qxf4+ 38. Kg1 Qxh4 39. Qc1 f6
40. Qe3 Qh5 41. Qxe6+ Kf8 42. Qd6+ 1/2-1/2

[Event "Kalamazoo (MI Am/2/27)"]
[Site "?"]
[Date "1996.??.??"]
[Round "?"]
[White "Sterngast, A."]
[Black "Pecot, Dave"]
[Result "0-1"]
[WhiteElo "1605"]
[BlackElo "1605"]
[PlyCount "60"]
[EventDate "1996.??.??"]

{2/(27)} 1. e4 e5 2. Nf3 f5 3. Nc3 fxe4 4. Nxe4 d5 5. Nc5 Bxc5 6. h3 e4 7. Qe2
Qe7 8. d4 exf3 9. Qxe7+ Bxe7 10. gxf3 Bf5 11. Bb5+ Nd7 12. c3 O-O-O 13. Bf4 g5
14. Bg3 Ngf6 15. O-O-O Nf8 16. f4 Ne4 17. fxg5 Nxg3 18. fxg3 Bxg5+ 19. Rd2 c6
20. Be2 Nd7 21. h4 Bxd2+ 22. Kxd2 a5 23. Rf1 Rdf8 24. Bf3 Bg4 25. Ke3 Rf6 26.
Bxg4 Rxf1 27. Bxd7+ Kxd7 28. Ke2 Rhf8 29. b4 R1f2+ 30. Kd3 R8f3# 0-1

[Event "Kalamazoo (MI Am/4/28)"]
[Site "?"]
[Date "1996.??.??"]
[Round "?"]
[White "Sterngast, A."]
[Black "Harris, M."]
[Result "0-1"]
[WhiteElo "1605"]
[BlackElo "1605"]
[PlyCount "102"]
[EventDate "1996.??.??"]

{4/(28)} 1. d4 d5 2. Nc3 Nf6 3. e3 Bf5 4. Bb5+ c6 5. Ba4 e6 6. e4 Nxe4 7. Nxe4
Bxe4 8. Bxc6+ Nxc6 9. Ne2 Bxg2 10. Rg1 Bf3 11. c3 Bh5 12. Qb3 b6 13. Nf4 Bg6
14. Bd2 Bd6 15. Qb5 Rc8 16. Qe2 O-O 17. Nh5 Qh4 18. Ng3 Bxg3 19. Rxg3 Qxh2 20.
O-O-O Bh5 21. Qe1 Bxd1 22. Kxd1 Qh5+ 23. Kc1 Rfe8 24. Re3 e5 25. dxe5 Nxe5 26.
Qg1 Nf3 27. Qg3 Nxd2 28. Rxe8+ Rxe8 29. Kxd2 Qe2+ 30. Kc1 g6 31. Qg1 Qe1+ 32.
Qxe1 Rxe1+ 33. Kd2 Re8 34. a4 h5 35. Kd3 h4 36. Kd4 h3 37. Kxd5 h2 38. Kd6 h1=Q
39. Kd7 Kf8 40. Kd6 Re7 41. f3 Qxf3 42. c4 Qf6+ 43. Kd5 Rd7+ 44. Ke4 Qe6+ 45.
Kf4 f6 46. b4 Rd4+ 47. Kf3 Qe4+ 48. Kg3 Rd3+ 49. Kf2 Qxc4 50. Ke2 Qc2+ 51. Ke1
Rd1# 0-1

[Event "Eastpointe (EDO/2/9)"]
[Site "?"]
[Date "1996.??.??"]
[Round "?"]
[White "Stemmler, Daniel"]
[Black "Morabito, Matthew"]
[Result "0-1"]
[WhiteElo "1700"]
[BlackElo "1905"]
[PlyCount "108"]
[EventDate "1996.??.??"]

{2/(9)} 1. e4 c5 2. c3 d6 3. d4 Nf6 4. Bd3 cxd4 5. cxd4 g6 6. Nf3 Bg7 7. Bg5
Nbd7 8. Nc3 h6 9. Be3 Ng4 10. Bd2 Ngf6 11. Qc2 O-O 12. e5 dxe5 13. dxe5 Ng4 14.
e6 Nde5 15. exf7+ Kh7 16. Be4 Qb6 17. O-O Rxf7 18. Nd5 Qd6 19. Qc7 Bd7 20. Rac1
Nxf3+ 21. gxf3 Ne5 22. f4 Nc6 23. Qxd6 exd6 24. b4 Re8 25. Bg2 Bf5 26. Rfe1
Rxe1+ 27. Rxe1 Bd7 28. Kh1 Nd4 29. Re7 Rxe7 30. Nxe7 Bf8 31. Nd5 Bc6 32. Nf6+
Kg7 33. Bc3 Nf5 34. Nd7+ Kf7 35. Nxf8 Kxf8 36. Kg1 Kf7 37. Bf1 Ke6 38. Bc4+ Bd5
39. Bxd5+ Kxd5 40. a3 Kc4 41. Bd2 Kd3 42. Bc1 b5 43. Kf1 d5 44. Ke1 h5 45. Kd1
Nh4 46. Bb2 d4 47. Ba1 Nf3 48. Bb2 Nxh2 49. Ba1 Nf3 50. Bb2 h4 51. Bxd4 Nxd4
52. Ke1 Ne6 53. f3 Nxf4 54. Kf2 g5 0-1

[Event "Eastpointe (EDO/5/14)"]
[Site "?"]
[Date "1996.??.??"]
[Round "?"]
[White "Stemmler, Daniel"]
[Black "Kinney, G."]
[Result "1-0"]
[WhiteElo "1700"]
[BlackElo "1605"]
[PlyCount "93"]
[EventDate "1996.??.??"]

{5/(14)} 1. e4 c5 2. c3 e6 3. d4 d5 4. exd5 exd5 5. Bd3 c4 6. Bc2 Nf6 7. Bg5
Be7 8. Ne2 Bg4 9. O-O O-O 10. Nd2 Qd7 11. Re1 Nc6 12. Qb1 h6 13. Be3 Rfe8 14.
Ng3 Bd6 15. Bf5 Qc7 16. Ndf1 Ne7 17. Bxg4 Nxg4 18. h3 Nxe3 19. fxe3 a6 20. e4
dxe4 21. Qxe4 b5 22. Qf3 Ng6 23. Re4 Nf4 24. Ne3 Rxe4 25. Nxe4 Re8 26. Rf1 Rxe4
27. Qxe4 Ne2+ 28. Kf2 Ng3 29. Qe8+ Bf8 30. Nd5 Qd6 31. Re1 Nf5 32. Qe5 Qg6 33.
Qb8 Qg5 34. Qf4 Qxf4+ 35. Nxf4 Bd6 36. Re8+ Kh7 37. Nd5 Kg6 38. Ra8 Kg5 39.
Rxa6 Bg3+ 40. Kf3 Bh2 41. a4 Nh4+ 42. Kf2 bxa4 43. Rxa4 Kf5 44. Rxc4 Ke4 45.
Ne3 g5 46. d5+ Kd3 47. Rd4# 1-0

[Event "Kalamazoo (Mini-Swiss.1/2)"]
[Site "?"]
[Date "1996.??.??"]
[Round "?"]
[White "Stefanski, Mark"]
[Black "Sheridan, Gregory"]
[Result "0-1"]
[WhiteElo "1890"]
[BlackElo "1900"]
[PlyCount "40"]
[EventDate "1996.??.??"]

{1/(2)} 1. e4 d6 2. d4 Nf6 3. Nc3 g6 4. Bc4 Bg7 5. Bg5 c6 6. Nf3 O-O 7. Qd2 Re8
8. O-O-O b5 9. Bd3 a5 10. e5 Nd5 11. Nxd5 cxd5 12. Bxb5 Bd7 13. Bxd7 Qxd7 14.
Rde1 Nc6 15. c3 Rec8 16. exd6 exd6 17. Qf4 Nb4 18. Re7 Qxe7 19. Bxe7 Nd3+ 20.
Kd2 Nxf4 0-1

[Event "Eastpointe (EDO/2/3)"]
[Site "?"]
[Date "1996.??.??"]
[Round "?"]
[White "Steen, Harold"]
[Black "Mazuchowski, Tom"]
[Result "0-1"]
[WhiteElo "1780"]
[BlackElo "2140"]
[PlyCount "51"]
[EventDate "1996.??.??"]

{2/(3)} 1. c4 Nf6 2. g3 g6 3. Bg2 Bg7 4. Nc3 O-O 5. d3 d6 6. Nf3 e5 7. O-O Nc6
8. e3 Nh5 9. Nh4 f5 10. f4 exf4 11. exf4 Nd4 12. Nf3 c6 13. Be3 Nxf3+ 14. Qxf3
Nf6 15. h3 Be6 16. Qf2 a6 17. Rfe1 Qd7 18. Rab1 Rae8 19. Na4 b5 20. Nb6 Qc7 21.
b3 c5 22. Nd5 Nxd5 23. cxd5 Bf7 24. Rec1 Qb7 25. Qf3 Rxe3 26. Qd1 0-1

[Event "Eastpointe (EDO/4/10)"]
[Site "?"]
[Date "1996.??.??"]
[Round "?"]
[White "Steen, Harold"]
[Black "Collins, Charles"]
[Result "0-1"]
[WhiteElo "1780"]
[BlackElo "1700"]
[PlyCount "73"]
[EventDate "1996.??.??"]

{4/(10)} 1. c4 Nf6 2. g3 g6 3. Bg2 Bg7 4. Nc3 c5 5. Nf3 d6 6. d3 Nc6 7. a3 O-O
8. O-O Bd7 9. Be3 a6 10. Qc2 Rb8 11. Rab1 b5 12. Nd5 bxc4 13. dxc4 Bf5 14. Qa4
Bxb1 15. Rxb1 Nxd5 16. cxd5 Ne5 17. b4 Nc4 18. Bc1 cxb4 19. axb4 Rb5 20. Qxa6
Qb6 21. Qa4 Rb8 22. e4 Rxb4 23. Rxb4 Qxb4 24. Qc2 Qb1 25. Qxc4 Bb2 26. Bf1 Qxc1
27. Qxc1 Bxc1 28. Nd4 Rb4 29. Nc6 Rxe4 30. Bg2 Re1+ 31. Bf1 Kf8 32. Kg2 Ke8 33.
Bc4 Bb2 34. f4 Rc1 35. Ba2 Rc2+ 36. Kh3 Bd4 37. Bb3 {[Remainder illegible; 0-1,
46?]} 0-1

[Event "Kalamazoo (MI Am/1/26)"]
[Site "?"]
[Date "1996.??.??"]
[Round "?"]
[White "Stark, Jay"]
[Black "Stark, A."]
[Result "1-0"]
[WhiteElo "1605"]
[BlackElo "1605"]
[PlyCount "57"]
[EventDate "1996.??.??"]

{1/(26)} 1. e4 e5 2. Bc4 d6 3. d3 Nf6 4. Ne2 Bg4 5. O-O c6 6. f4 d5 7. exd5
cxd5 8. Bb5+ Nbd7 9. fxe5 Ng8 10. d4 a6 11. Ba4 f6 12. h3 Bh5 13. e6 Qa5 14.
Bxd7+ Ke7 15. Nbc3 Be8 16. Bxe8 Rxe8 17. Nf4 g6 18. Nfxd5+ Kd6 19. Nxf6 Nxf6
20. Rxf6 Rxe6 21. Rxe6+ Kxe6 22. Qg4+ Kf7 23. Qg5 Bb4 24. Qxa5 Bxa5 25. Be3 b5
26. Rd1 Rd8 27. d5 b4 28. Ne4 Ke7 29. Bg5+ 1-0

[Event "Lansing (MOR/4/9)"]
[Site "?"]
[Date "1996.??.??"]
[Round "?"]
[White "Stark, Jay"]
[Black "Sobh, Hassan"]
[Result "1-0"]
[WhiteElo "1605"]
[BlackElo "1780"]
[PlyCount "75"]
[EventDate "1996.??.??"]

{4/(9)} 1. e4 e5 2. Nc3 Nc6 3. Bc4 Nf6 4. d3 Be7 5. a3 O-O 6. Nge2 d6 7. O-O
Na5 8. Ba2 Be6 9. f4 exf4 10. Nxf4 Bxa2 11. Rxa2 Nc6 12. Ncd5 Nd4 13. Nxf6+
Bxf6 14. Nd5 Bg5 15. Bxg5 Qxg5 16. c3 Ne6 17. Rf5 Qd8 18. Qg4 c6 19. Nf4 Qe7
20. Ra1 g6 21. Rf1 Ng7 22. Rg5 h6 23. Ra5 Qd8 24. b4 b6 25. Ra4 Qe8 26. b5 c5
27. c4 Qe5 28. Qf3 Ne6 29. Nd5 Kg7 30. Nf6 Qd4+ 31. Kh1 Qc3 32. Nd7 Ng5 33. Qg3
Rfd8 34. Qxd6 Ne6 35. Qe7 Ng5 36. Ne5 Re8 37. Rxf7+ Kh8 38. Qf6+ 1-0

[Event "Kalamazoo (MI Am/5/8)"]
[Site "?"]
[Date "1996.??.??"]
[Round "?"]
[White "Stark, Jay"]
[Black "Seipel, R."]
[Result "1/2-1/2"]
[WhiteElo "1605"]
[BlackElo "1695"]
[PlyCount "84"]
[EventDate "1996.??.??"]

{5/(8)} 1. e4 c5 2. c3 d5 3. exd5 Qxd5 4. d4 Nc6 5. Nf3 Bg4 6. Be2 e6 7. O-O
Nf6 8. Be3 cxd4 9. Nxd4 Bxe2 10. Nxe2 Rd8 11. Qa4 Be7 12. Na3 O-O 13. Rfd1 Qh5
14. Nf4 Qg4 15. h3 Qf5 16. Nc2 b5 17. Qa6 Rxd1+ 18. Rxd1 Qxc2 19. Rd2 Qb1+ 20.
Kh2 Ne5 21. Qxb5 Ng6 22. Nxg6 Qxg6 23. Bxa7 Nd5 24. Bc5 Nf4 25. g3 Qh5 26. gxf4
Qxc5 27. Qxc5 Bxc5 28. b4 Be7 29. a4 Rc8 30. a5 Rxc3 31. b5 Rc5 32. Rd7 Kf8 33.
Rb7 Rc8 34. b6 Bd8 35. a6 Bxb6 36. Rxb6 Ra8 37. Kg3 g6 38. Kf3 Kg7 39. Kg4 Kf6
40. f3 h6 41. h4 h5+ 42. Kh3 Ra7 1/2-1/2

[Event "Kalamazoo (MI Am/3/18)"]
[Site "?"]
[Date "1996.??.??"]
[Round "?"]
[White "Stark, Jay"]
[Black "Paul, Dennis"]
[Result "1-0"]
[WhiteElo "1605"]
[BlackElo "1605"]
[PlyCount "39"]
[EventDate "1996.??.??"]

{3/(18)} 1. e4 c5 2. c3 d6 3. d4 Nc6 4. Nf3 Nf6 5. d5 Ne5 6. Nxe5 dxe5 7. Bg5
Nxe4 8. Qa4+ Qd7 9. Bb5 Nxg5 10. h4 Qxb5 11. Qxb5+ Bd7 12. Qxb7 Rd8 13. hxg5 g6
14. Qxa7 e6 15. dxe6 Bxe6 16. Nd2 Be7 17. O-O-O Bxg5 18. Qxc5 f6 19. a4 Bb3 20.
Qb5+ 1-0

[Event "Lansing (MOR/7/4)"]
[Site "?"]
[Date "1996.??.??"]
[Round "?"]
[White "Stark, Jay"]
[Black "Herron, J."]
[Result "0-1"]
[WhiteElo "1605"]
[BlackElo "1825"]
[PlyCount "52"]
[EventDate "1996.??.??"]

{7/(4)} 1. e4 d6 2. Bc4 Nf6 3. d3 g6 4. Ne2 Bg7 5. O-O O-O 6. Nd2 Bd7 7. Nf3 e5
8. Bd2 a5 9. h3 b5 10. Bxb5 Bxb5 11. c4 Bd7 12. Nc3 c6 13. Be3 Nh5 14. Qd2 f5
15. exf5 gxf5 16. Bh6 Qf6 17. Bg5 Qe6 18. Bh4 Qg6 19. Ne2 f4 20. Kh2 Bh6 21.
Qd1 Kh8 22. Nc3 Rg8 23. Rg1 Bf5 24. Ne4 Bxe4 25. dxe4 Nf6 26. Qxd6 Ng4+ 0-1

[Event "Lansing (MOR/2/28)"]
[Site "?"]
[Date "1996.??.??"]
[Round "?"]
[White "Stark, Jay"]
[Black "Goerke, Daniel"]
[Result "1-0"]
[WhiteElo "1605"]
[BlackElo "1605"]
[PlyCount "37"]
[EventDate "1996.??.??"]

{2/(28)} 1. e4 e5 2. Nc3 Nf6 3. Bc4 Nc6 4. a3 d6 5. Nge2 Nd4 6. d3 Nxe2 7. Nxe2
d5 8. exd5 Nxd5 9. O-O b6 10. Kh1 Bb7 11. f4 Qd6 12. fxe5 Qxe5 13. Ng3 Qd6 14.
Nf5 Qc6 15. Qe2+ Be7 16. Bxd5 Qd7 17. Bxb7 Rb8 18. Bc6 Qxc6 19. Qxe7# 1-0

[Event "Lansing (MOR/6/7)"]
[Site "?"]
[Date "1996.??.??"]
[Round "?"]
[White "Stark, Jay"]
[Black "Carr, Jay"]
[Result "1-0"]
[WhiteElo "1605"]
[BlackElo "1700"]
[PlyCount "85"]
[EventDate "1996.??.??"]

{6/(7)} 1. e4 c5 2. Nf3 Nf6 3. d3 d5 4. exd5 Nxd5 5. Be2 Nc6 6. O-O Bg4 7. Ne1
Bxe2 8. Qxe2 e6 9. Na3 Be7 10. Nc4 O-O 11. Ne3 Qc7 12. g3 Rad8 13. N1g2 Rd7 14.
a3 Rfd8 15. Bd2 Nf6 16. f4 b5 17. b3 Nd4 18. Qe1 Qb6 19. Ba5 Qc6 20. Bxd8 Bxd8
21. Qd1 Bb6 22. Kh1 Nd5 23. Nxd5 Qxd5 24. c4 Qb7 25. Kg1 Bd8 26. Ne3 g6 27. Ng4
h5 28. Ne5 Rd6 29. Rb1 f6 30. Nxg6 Nf5 31. Qxh5 Kg7 32. Nh4 Ne3 33. Qg6+ Kf8
34. Qh6+ Ke8 35. Qh8+ Kd7 36. Qh7+ Be7 37. Kf2 Ng4+ 38. Kg1 Ne3 39. Rf3 Nf5 40.
Nxf5 exf5 41. Qxf5+ Kd8 42. Qe4 Qd7 43. Qa8+ 1-0

[Event "Lansing (MOR/6/43)"]
[Site "?"]
[Date "1996.??.??"]
[Round "?"]
[White "Stark, A."]
[Black "Zydeck, B."]
[Result "0-1"]
[WhiteElo "1605"]
[BlackElo "1605"]
[PlyCount "84"]
[EventDate "1996.??.??"]

{6/(43)} 1. e4 d5 2. d3 Nc6 3. Nc3 Nf6 4. Bg5 e5 5. Nf3 Be7 6. d4 O-O 7. Be2
dxe4 8. dxe5 exf3 9. exf6 fxe2 10. fxe7 exd1=Q+ 11. Rxd1 Qe8 12. Rd8 Nxd8 13.
O-O f6 14. exf8=Q+ Qxf8 15. Bf4 Qb4 16. g3 Qxb2 17. Na4 Qxa2 18. Nc3 Qxc2 19.
Nd5 Be6 20. Rc1 Qe2 21. Nc3 Qf3 22. Kf1 Nf7 23. Nb5 Rd8 24. Nxc7 a5 25. Nxe6
Rd3 26. Nc5 g5 27. Nxd3 Qxd3+ 28. Kg1 gxf4 29. gxf4 Qf3 30. Rc7 b5 31. Ra7 a4
32. Ra5 Qxf4 33. Rxb5 a3 34. Ra5 Qb4 35. Ra6 Qb3 36. Kg2 a2 37. h3 Qb2 38. Kg3
a1=Q 39. Rxa1 Qxa1 40. f3 Qe5+ 41. Kg4 h5+ 42. Kh4 Qf4+ 0-1

[Event "Kalamazoo (MI Am/2/25)"]
[Site "?"]
[Date "1996.??.??"]
[Round "?"]
[White "Stark, A."]
[Black "Ryskamp, John"]
[Result "0-1"]
[WhiteElo "1605"]
[BlackElo "1605"]
[PlyCount "104"]
[EventDate "1996.??.??"]

{2/(25)} 1. e4 e6 2. d4 d5 3. Nc3 Nf6 4. f3 c5 5. Nge2 Nc6 6. dxc5 Bxc5 7. Bg5
d4 8. e5 Nxe5 9. f4 Nc6 10. Na4 Be7 11. c3 dxc3 12. Qxd8+ Bxd8 13. Naxc3 a6 14.
Rd1 O-O 15. Ng3 h6 16. Bxf6 Bxf6 17. Nge4 Bd4 18. Nd6 b5 19. Be2 Rd8 20. Nde4
Bb7 21. Bh5 Ne7 22. Ke2 Bxc3 23. Nxc3 Bxg2 24. Rhg1 Bd5 25. Bf3 Bxf3+ 26. Kxf3
Nf5 27. Ne4 Rxd1 28. Rxd1 Rc8 29. b3 Rc2 30. a4 bxa4 31. bxa4 Rxh2 32. Rd8+ Kh7
33. Rf8 Kg6 34. Nc5 Rd2 35. Nxa6 Rd4 36. Nc5 Ne7 37. a5 Rd5 38. Nb7 Rd3+ 39.
Ke4 Ra3 40. Ra8 Nd5 41. Nc5 h5 42. a6 h4 43. Ke5 Nc7 44. Ra7 Nb5 45. Rb7 Re3+
46. Ne4 Nd6 47. a7 Rxe4+ 48. Kxd6 Ra4 49. Kc7 h3 50. Rb4 Rxa7+ 51. Rb7 Rxb7+
52. Kxb7 h2 0-1

[Event "Lansing (MOR/1b/23)"]
[Site "?"]
[Date "1996.??.??"]
[Round "?"]
[White "Stark, A."]
[Black "Royster, H."]
[Result "0-1"]
[WhiteElo "1605"]
[BlackElo "1605"]
[PlyCount "48"]
[EventDate "1996.??.??"]

1. e4 e5 2. Nf3 d6 3. Nc3 Nf6 4. Bb5+ c6 5. Ba4 Bg4 6. h3 Bxf3 7. Qxf3 Nbd7 8.
d3 Be7 9. Bg5 O-O 10. O-O-O Nc5 11. Bb3 Nxb3+ 12. axb3 Nd7 13. Bxe7 Qxe7 14. d4
exd4 15. Rxd4 Ne5 16. Qg3 Rad8 17. Rhd1 Qe6 18. Qf4 f5 19. exf5 Rxf5 20. Qg4
Nxg4 21. hxg4 Qh6+ 22. R1d2 Rxf2 23. g3 d5 24. Kd1 Qh1# 0-1

[Event "Kalamazoo (MI Am/3/27)"]
[Site "?"]
[Date "1996.??.??"]
[Round "?"]
[White "Stark, A."]
[Black "Pash, S."]
[Result "0-1"]
[WhiteElo "1605"]
[BlackElo "1605"]
[PlyCount "90"]
[EventDate "1996.??.??"]

{3/(27)} 1. e4 c5 2. d3 Nc6 3. Nf3 e6 4. Bg5 f6 5. Bh4 Nh6 6. c3 g5 7. Bg3 g4
8. Nh4 Rg8 9. d4 cxd4 10. cxd4 Qa5+ 11. Nd2 Nxd4 12. Bf4 e5 13. Be3 Ne6 14. Nf5
Nxf5 15. exf5 Nf4 16. g3 Nd5 17. Rc1 Nxe3 18. fxe3 d5 19. Be2 Bxf5 20. a3 Bc5
21. Rc2 Bxc2 22. Qxc2 Bxe3 23. Qc3 Qb6 24. Qb4 Bf2+ 25. Kf1 Qxb4 26. axb4 Bb6
27. Bb5+ Ke7 28. h3 Rac8 29. hxg4 Rc1+ 30. Kg2 Rc2 31. Rd1 Rxg4 32. Bd3 Rxb2
33. Kh3 h5 34. Bg6 Rbxb4 35. Bxh5 Rg7 36. Nf3 Rh7 37. g4 Rb3 38. Kg3 d4 39. Rc1
Kd6 40. Bg6 Rg7 41. Rc8 Rxg6 42. Rb8 f5 43. Rf8 Rxg4+ 44. Kf2 Rf4 45. Rd8+ Bxd8
0-1

[Event "Lansing (MOR/3/48)"]
[Site "?"]
[Date "1996.??.??"]
[Round "?"]
[White "Stark, A."]
[Black "Hollinsworth, Galon"]
[Result "0-1"]
[WhiteElo "1605"]
[BlackElo "1605"]
[PlyCount "98"]
[EventDate "1996.??.??"]

{3/(48)} 1. e4 e5 2. d4 exd4 3. c3 dxc3 4. Bb5 Bc5 5. Nf3 Ne7 6. bxc3 a6 7. Bc4
O-O 8. Bg5 d5 9. Bb3 c6 10. Bh4 Bg4 11. h3 Bxf3 12. gxf3 Kh8 13. c4 Bb4+ 14.
Kf1 d4 15. a3 Bc5 16. Nd2 Nd7 17. f4 Qc7 18. Qg4 Ng6 19. f5 Nde5 20. Qg3 Qa5
21. fxg6 Qxd2 22. gxh7 Qh6 23. Ke2 d3+ 24. Kd1 Rad8 25. Ke1 Ng6 26. Ba2 Rd4 27.
Bb1 Rxe4+ 28. Kd1 Rxc4 29. Bxd3 Rd8 30. Re1 Rxd3+ 31. Qxd3 Rd4 32. Re3 Rxd3+
33. Rxd3 Qxh4 34. Rd7 Qxh3 35. Rxb7 Qh1+ 36. Kc2 Qxa1 37. Rb1 Qd4 38. Rd1 Qxf2+
39. Rd2 Qf5+ 40. Kc1 Be3 41. Kd1 Bxd2 42. Kxd2 Kxh7 43. Kc3 Kh6 44. Kb4 Kg5 45.
Kb3 Kf4 46. a4 Ke4 47. Kb4 Kd4 48. a5 Qb1+ 49. Ka4 Kc4 0-1

[Event "Ann Arbor (Ann Arbor Open, U1400/4)"]
[Site "?"]
[Date "1996.??.??"]
[Round "?"]
[White "Staal, A."]
[Black "Sobh, Raed"]
[Result "1-0"]
[WhiteElo "1605"]
[BlackElo "1605"]
[PlyCount "31"]
[EventDate "1996.??.??"]

{1400/(4)} 1. e4 b6 2. d4 Bb7 3. Nc3 e6 4. Nf3 Bb4 5. Bd3 d5 6. e5 Bxc3+ 7.
bxc3 Ne7 8. Bg5 h6 9. Bh4 Ba6 10. O-O Bxd3 11. Qxd3 Nf5 12. Bxd8 Kxd8 13. c4
Nc6 14. cxd5 Nb4 15. Qc4 Nxd5 16. Qc6 {Here Black illegally castled kingside ..
. on the queenside. Neither player realized the mistake and the game continued
for 25 moves before Black resigned.]} 1-0

[Event "Detroit (MI Action/6/20)"]
[Site "?"]
[Date "1996.??.??"]
[Round "?"]
[White "Spindleman, Brian"]
[Black "Ohlemacher, Scott"]
[Result "0-1"]
[WhiteElo "1605"]
[BlackElo "1605"]
[PlyCount "74"]
[EventDate "1996.??.??"]

{6/(20)} 1. d4 Nf6 2. e3 d5 3. Bd3 Bg4 4. Nf3 e6 5. O-O Bb4 6. Bd2 Bd6 7. h3
Bf5 8. Bxf5 exf5 9. Nc3 O-O 10. Nh4 Qd7 11. Qf3 g6 12. Nxd5 Nxd5 13. Qxd5 c6
14. Qb3 Bc7 15. Bb4 Rd8 16. Nf3 Na6 17. Ng5 Nxb4 18. Nxf7 Qxf7 19. c3 Nd5 20.
Qxb7 Qd7 21. Rae1 Qd6 22. g3 Rab8 23. Qxa7 Ra8 24. Qxa8 Rxa8 25. a3 Rb8 26. b4
Ra8 27. c4 Nc3 28. c5 Qd5 29. h4 Qc4 30. Rc1 Rxa3 31. f4 Ne2+ 32. Kg2 Nxc1 33.
Rf2 Nd3 34. Rf3 Ra1 35. Kh2 Qc1 36. g4 fxg4 37. Kg2 Qg1# 0-1

[Event "Detroit (MI Action/4/20)"]
[Site "?"]
[Date "1996.??.??"]
[Round "?"]
[White "Spindleman, Brian"]
[Black "Bullard, M."]
[Result "0-1"]
[WhiteElo "1605"]
[BlackElo "1605"]
[PlyCount "38"]
[EventDate "1996.??.??"]

{4/(20)} 1. e4 e5 2. f4 exf4 3. Nf3 Nf6 4. Nc3 d5 5. e5 Ng4 6. d4 Bb4 7. Bxf4
Bxc3+ 8. bxc3 Nc6 9. Bb5 O-O 10. h3 Nf6 11. exf6 Re8+ 12. Be2 Qxf6 13. Bg5 Qg6
14. O-O h6 15. Bd3 Qh5 16. Re1 Be6 17. Bh4 Ne7 18. g4 Bxg4 19. hxg4 Qxg4+ {
[Remainder unavailable]} 0-1